JR東日本の発車メロディー - Statistics

General Stats
  • This quiz has been taken 167 times
    60 since last reset
  • The average score is 154 of 394
Answer Stats
Answer Hint % Correct
蒲田行進曲
74%
鉄腕アトム
74%
72%
せせらぎ
72%
Water Crown
72%
清流 周辺地域1番
67%
JR-SH1-1
67%
Verde Rayo
67%
雲を友として
64%
JR-SH9-3
64%
Gota del Vient
64%
JR-SH2-1
64%
JR-SH2-3
64%
JR-SH3-1
64%
JR-SH3-3
64%
JR-SH4-1
64%
JR-SH5-1
64%
JR-SH6-3
64%
JR-SH8-3
64%
Twilight 近郊地域47番 新宿113番
64%
高原
62%
教会の見える駅
62%
JRE-IKST-001
62%
JRE-IKST-002
62%
JRE-IKST-003
62%
JRE-IKST-004
62%
JRE-IKST-005
62%
JRE-IKST-006
62%
JRE-IKST-007
62%
JRE-IKST-008
62%
JRE-IKST-009
62%
JRE-IKST-010
62%
JRE-IKST-011
62%
JRE-IKST-012
62%
JRE-IKST-013
62%
JRE-IKST-014
62%
JRE-IKST-015
62%
JRE-IKST-016
62%
JRE-IKST-017
62%
JRE-IKST-018
62%
JRE-IKST-019
62%
JRE-IKST-020
62%
JRE-IKST-021
62%
JRE-IKST-022
62%
JRE-IKST-023
62%
JR-SH1-3
62%
JR-SH4-3
62%
JR-SH5-3
62%
JR-SH6-1
62%
JR-SH7-1
62%
JR-SH7-3
62%
JR-SH8-1
62%
JR-SH9-1
62%
さくらさくら
59%
原宿a
59%
原宿b
59%
Cielo Estrellado
59%
JRE-IKST-026
59%
JRE-IKST-027
59%
JRE-IKST-028
59%
JRE-IKST-031
59%
JRE-IKST-036
59%
mellow time 近郊地域56番 新宿101番
59%
春 NewVer
59%
メロディー
56%
スプリングボックス
56%
遊園地のある駅
56%
春風
56%
JRE-IKST-025
56%
JRE-IKST-038
56%
JRE-IKST-039
56%
JRE-IKST-042
56%
JRE-IKST-044
56%
JRE-IKST-047
56%
春待ち風
54%
線路の彼方
54%
遠い青空
54%
陽だまり
54%
希望のまち
54%
第三の男
54%
cappuccino
54%
JRE-IKST-101
54%
JRE-IKST-102
54%
JRE-IKST-105
54%
JR-SHR1-1
54%
JR-SHR1-3
54%
JR-SHR2-1
54%
JR-SHR2-3
54%
JR-SHR3-1
54%
JR-SHR3-3
54%
JR-SHR4-1
54%
JR-SHR4-3
54%
JR-SHR5-1
54%
JR-SHR5-3
54%
JR-SHR6-1
54%
JR-SHR6-3
54%
JR-SHR7-1
54%
JR-SHR7-3
54%
JR-SHR8-1
54%
JR-SHR8-3
54%
JR-SHR9-1
54%
JR-SHR9-3
54%
SF-2
54%
こころ
51%
あざみ野
51%
海の駅
51%
すすきの高原
51%
めだかの学校
51%
希望の轍
51%
SF22-14
51%
草原
49%
クラルテ
49%
花のほころび
49%
キッズステーション
49%
49%
小川のせせらぎ
49%
木々の目覚め
49%
新たな季節
49%
恋の通勤列車
49%
たなばたさま
49%
線路は続くよどこまでも
49%
ジュピターB
49%
farewell
49%
See you again
49%
sunrise
49%
ホリデイ
46%
秋桜
46%
花と空
46%
シンコペーション
46%
美しき丘 近郊地域55番 新宿105番
46%
ベルの響き
46%
コーラルリーフ
46%
ムーンストーン
46%
楽々鉄道旅行
46%
ナイスガイ!
46%
チャイム
46%
牧場の朝
46%
ふるさと
46%
浜千鳥
46%
阿波踊り
46%
夕焼け小焼け
46%
上尾市歌
46%
電車ごっこ
46%
鉄道唱歌
46%
SF10-38
46%
牧場の朝 後半Ver
46%
古いオルゴール
44%
朝の静けさ
44%
星空の下
44%
蝶々のように
44%
朝つゆ
44%
スイートコール
44%
ああわが戸田市
44%
カリフォルニアシャワー
44%
dance on
44%
ジュピターE
44%
ジュピターG
44%
ML-24
44%
くるみあそび
41%
瞬く街並み
41%
フラワーショップ
41%
パシフィック
41%
夏色の時間
41%
海岸通り
41%
ムーンリバー
41%
アマリリス
41%
きらきら星変奏曲
41%
雨のステイション
41%
闘魂こめて
41%
上を向いて歩こう
41%
星めぐりの歌
41%
熊谷市歌
41%
たき火
41%
熱き星たちよ
41%
お猿のかごや
41%
Over
41%
SF10-31
41%
sunny islands
41%
光と風と
38%
雪解け間近
38%
ドリームタイム
38%
シーウィンド
38%
ドリームパーク
38%
朝の教会
38%
窓の花飾り
38%
淡い恋心
38%
青空と線路
38%
ハッピーガール
38%
木もれ陽の散歩道
38%
38%
おはよう
38%
ます
38%
ひみつのアッコちゃん
38%
いつでも夢を
38%
幸せなら手をたたこう
38%
すずめ踊り
38%
ダイジョウブ
38%
君は天然色
38%
38%
汽車
38%
おねぎのマーチ
38%
俺たちの明日
38%
あゝ上野駅
38%
夢をかなえてドラえもん
38%
うなりくんなう!
38%
銀河鉄道999
38%
旅立ちB
38%
Jupiter
38%
SF10-68
38%
春だより
36%
森の妖精
36%
通勤ステップ
36%
幸福の銀レール
36%
トレイントレイン
36%
36%
すみれの花咲く頃
36%
シャボン玉
36%
寒い朝
36%
川崎市歌
36%
キセキ
36%
チューリップ
36%
きてよパーマン
36%
ドラえもんの歌
36%
白鳥の湖
36%
信濃の国
36%
airly
36%
It's a small world
36%
SF10-43
36%
SF22-29
36%
南風の行方
33%
公園の楓
33%
公園通り
33%
九月の風
33%
緑の車窓
33%
田園浪漫
33%
高原のつぶやき
33%
希望の朝
33%
朝のドヴィッシー
33%
風と共に
33%
楽興の時
33%
春の歌
33%
若い港
33%
どんぐりころころ
33%
明日があるさ
33%
仙台駅発車音楽(在来線ホーム)
33%
仙台駅発車音楽(仙石線ホーム)
33%
七つの子
33%
フラガール~虹を~
33%
風の贈り物
33%
さらば青春の光
33%
今宵の月のように
33%
すいみん不足
33%
ぼくドラえもん
33%
鎌倉
33%
藤沢市歌
33%
みかんの花咲く丘
33%
グリーン・グリーン
33%
チャイム3B7
33%
Fine Day!
33%
We Love Marines
33%
春一番
31%
旅の予感
31%
幸せチャイム
31%
太平洋の海岸での生命の誕生
31%
青葉城恋唄
31%
とんぼのめがね
31%
夢伝説
31%
一番星見つけた
31%
朧月夜
31%
かえるの合唱
31%
Around the world
31%
HANDS〜大きな手から、小さな手へ〜
31%
Keep on Rising
31%
ロンド KV.485
31%
RYUとぴあ音頭
31%
summer night
31%
希望の鐘
28%
四季「春」第一楽章
28%
四季「秋」第三楽章
28%
南越谷阿波踊り
28%
恋のメキシカンロック
28%
夕暮れ時はさびしそう
28%
明日はきっといい日になる
28%
高原列車は行く
28%
川口市民歌
28%
八木節
28%
今夜だけきっと
28%
ナンバーワン野郎!
28%
丘を越えて
28%
オー・シャンゼリゼ
28%
武田節
28%
ロミオとジュリエット
28%
Forever Love
28%
Vamos Ardija
28%
海辺の散歩
26%
夢のワルツ
26%
日本庭園の水と草木
26%
大都会の雑踏の中で聞こえるチャイム
26%
乙女の祈り
26%
証城寺の狸囃子
26%
レットキス(ジェンカ)
26%
白石市民歌
26%
栄冠は君に輝く
26%
羽ばたけ楽天イーグルス
26%
ふる里「みなかみ」
26%
王将
26%
渡良瀬橋
26%
雅楽谷の森〜蓮田のタカラ〜
26%
春になったら
26%
石岡のお囃子
26%
Great messenger
26%
Zip-a-Dee-Doo-Dah
26%
四季~愛しき子供たちへ~
23%
夏が来れば
23%
緑の風
23%
初夏の雪解けの小川のせせらぎ
23%
明日は咲こう花咲こう
23%
花笠音頭
23%
白石音頭
23%
青い山脈
23%
ハチ公物語
23%
きりたんぽ物語
23%
国分寺市の歌
23%
稲城繁盛節
23%
海 その愛
23%
突き進め柏
23%
河童音頭
23%
明日の風とひとつになって
23%
夏は来ぬ
23%
チャイム3B4
23%
A Sea bird
23%
a whole new world
23%
モンダミンCMソング
23%
FF(フォルティシモ)
23%
Let It Go~ありのままで~
23%
Sea green
23%
空へ
21%
柔らかな草原
21%
花のことば
21%
仙台駅発車音楽(新幹線ホーム)
21%
栃木県民の歌
21%
栃木市民の歌〜明日への希望〜
21%
トゥーランドット
21%
あびこ市民の歌
21%
バラが咲いた
21%
AIZUその名の情熱
21%
FRONTALE2000
21%
FRONTALE20000
21%
Shine with U
21%
歓喜の歌
18%
君の願いが世界を輝かす
18%
輝く未来
18%
公園の手品師
18%
津軽じょんがら節
18%
夢の空
18%
ねぶた囃子
18%
ニュルンベルクのマイスタージンガー
18%
ビックカメラのテーマソング
18%
For tommrow
18%
Living in Color
18%
ハープとせせらぎ
15%
故郷のいこい
15%
秋田おばこ節
15%
元気川口・御成道サンバ
15%
ここで君を待ってるよ
15%
わんこきょうだいのうた
15%
Brand New Day
15%
Happiness Is Here
15%
We are F・Marinos
15%
素朴な鐘の音
13%
生まれてはじめて
13%
新庄まつり囃子
13%
相馬流れ山
13%
ウイスキーが、お好きでしょ
13%
ピアノの鐘的な響き
10%
ピアノと小鳥の鳴き声
10%
ハープと小鳥のさえずり
10%
ピアノの速い音節と鈴
10%
ミュートピアノと鈴
10%
野ばら
10%
ファンファーレ
10%
When Your Heart Makes a Wish
10%
ハープによるシンプルな音節
8%
マリンバ(クリスタル素材)・森の音・野生の鹿の声
5%
交響曲第8番 第1楽章
5%
チニジュア
3%
クラヴィア曲集 第2巻5番
3%
Glorius Gateway -The Theme of TAKANAWA GATEWAY CITY-
3%
魔法の鍵 ~The Dream Goes On
3%
Open Hapinees
0%
No matching quizzes found
Score Distribution
Percent of People with Each Score
Percentile by Number Answered
Your Score History
You have not taken this quiz since the last reset